00350pab a2200121 454500008004000000100002300040245008400063260000900147300001600156362001100172650001100183773003400194180718b2005 xxu||||| |||| 00| 0 eng d aShyam Sundar, K.R. aLabour flexibility debate in India: a comprehensive review and some suggestions c2005 ap.2274-285. a28 May aLabour aEconomic and Political Weekly